000 00480nam a2200193Ia 4500
003 OSt
005 20220927114238.0
006 a|||||r|||| 00| 0
007 ta
008 220926b |||||||| |||| 00| 0 eng d
024 _a150757
037 _cTextbook
040 _aRTL
_cRTL
_beng
041 _2eng
_aeng
082 _a"X, TD"
245 0 _aUNITED NATIONS
_b Economic survey of Asia and for east Bankok 1968
942 _h"X, TD"
_cCC
999 _c703634
_d703634